000 01208cam a22003497a 4500
003 CHAP
005 20220817041108.0
008 971013s1991 r 00010 d
010 _a6257
011 _a7229
035 _a6452
040 _cCHAP
090 _aTesis
100 0 0 _aGómez Avendaño, Noé.
_949621
245 0 _aValidación de normas Dris, para caña de azúcar (Saccharum officinarum L.) en Tlaquiltenango, Morelos
260 _aChapingo, Méx. :
_bEl autor,
_c1991
300 _a65 h.
_b; gráfs.
502 _aTesis (Ing. Agr. Esp. en Suelos) -- UACH. Departamento de Suelos
590 _aALEPH
_b10
_c20130110
_lUCH01
_h1217
590 _aBATCH-UPD
_b10
_c20130110
_lUCH01
_h1612
590 _aBATCH-UPD
_b10
_c20130410
_lUCH01
_h1007
590 _aBATCH-UPD
_b10
_c20130914
_lUCH01
_h0834
590 _aCONVERSION
_b10
_c20130109
_lUCH01
_h1305
650 1 4 _aCaña de azúcar
_xElementos minerales.
_918597
650 1 4 _aCaña de azúcar
_xMorelos.
_918633
650 1 4 _aCaña de azúcar
_xRendimiento.
_918643
650 1 4 _aFertilizantes
_xEfecto en caña de azúcar.
650 1 4 _aMétodo DRIS.
_976624
901 _aBK
942 _cTESIS
949 _bBC
_cTES
_d-16053
_eTS1
_h25596
_i6452
_si
999 _c6257
_d6257